[Event "ROM-ch U10 Girls"]
[Site "Calimanesti Caciulata"]
[Date "2019.04.18"]
[Round "5.22"]
[White "Constantin, Mara Madeleine"]
[Black "Blanaru, Ana"]
[Result "0-1"]
[WhiteElo "1002"]
[BlackElo "1010"]
[PlyCount "72"]
[EventDate "2019.04.15"]
[EventType "swiss"]
[EventRounds "9"]
[EventCountry "ROU"]
[SourceTitle "EXT 2024"]
[Source "ChessBase"]
[SourceDate "2023.10.10"]
[SourceVersion "1"]
[SourceVersionDate "2023.10.10"]
[SourceQuality "1"]

1. e4 e5 2. Nf3 Nc6 3. Bc4 Bc5 4. Nc3 a6 5. d3 h6 6. Be3 Bxe3 7. fxe3 Nf6 8. Qd2 Na5 9. Bb3 Nxb3 10. axb3 d6 11. 0-0-0 0-0 12. Rhg1 c6 13. h3 d5 14. g4 Re8 15. g5 hxg5 16. Rxg5 Nh7 17. Rh5 Nf6 18. Rg5 Nh7 19. Rgg1 c5 20. Qg2 Qf6 21. Nh4 Ng5 22. exd5 Bd7 23. Ne4 Nxe4 24. dxe4 g6 25. Rdf1 Qxh4 26. Rd1 Qf6 27. Rdf1 Qh4 28. Rf3 Qxe4 29. d6 Bf5 30. h4 Kf8 31. h5 f6 32. d7 Re7 33. d8Q+ Rxd8 34. h6 Kg8 35. c4 Rdd7 36. Rh1 Qb1# 0-1